Statistiques concernant 5 films 1 acteur français

Cliquez ici pour prendre le quiz!

Statistiques générales

  • Ce quiz a été pris 317 fois
  • Le résultat moyen est 8 sur 10

Statistiques - réponses

FilmsActeur% Correct
Brice de Nice - The Artist - J’accuse - Les petits mouchoirs - OSS 117 : Le Caire, nid d'espionsJean Dujardin
98%
Les Bronzés - Les visiteurs - Astérix et Obélix : Mission Cléopâtre - Le père Noël est une ordure - Qu'est-ce qu'on a fait au Bon Dieu ?Christian Clavier
86%
Oscar - Le Corniaud - La Grande Vadrouille - Les Aventures de Rabbi Jacob - L’Aile ou la CuisseLouis de Funès
84%
Le Grand Bleu - Les Visiteurs - Léon - Da Vinci Code - Les Rivières pourpresJean Reno
81%
Yves Saint Laurent - La Promesse de l’aube - Five - 20 ans d’écart - L’OdysséePierre Niney
81%
La Boum - Le monde ne suffit pas - Braveheart - L’Étudiante - Joyeuses PâquesSophie Marceau
76%
La Cité de la peur - Didier - Astérix et Obélix : Mission Cléopâtre - Sur la piste du Marsupilami - Santa et CieAlain Chabat
74%
Taxi - La Môme - De rouille et d'os - Astérix et Obélix : L’Empire du Milieu - Un long dimanche de fiançaillesMarion Cotillard
71%
Le Cercle rouge - Le Corniaud - La Grande Vadrouille - La Traversée de Paris - La Cuisine au beurreBourvil
64%
France - 007 Spectre - Robin des Bois - La Vie d'Adèle - Inglourious BasterdsLéa Seydoux
48%

Distribution des résultats

Percentile par nombre de réponses

% des personnes avec chaque résultat

Votre développement - résultats

Vous n’avez pas pris ce quiz